| 000 | 00450nam a2200181Ia 4500 | ||
|---|---|---|---|
| 003 | GCL | ||
| 008 | 140319s9999 xx 000 0 eng d | ||
| 040 |
_aGCL / _cGCL |
||
| 082 | 0 | 4 |
_a962.02 _bl S |
| 100 | 1 | _aLEV, YAACAV | |
| 245 | 1 | 0 |
_aSTATE AND SOCIETY IN FATIMID EGYPT / _cLEV, YAACAV |
| 260 |
_a[S.N] : _bE. J. BRILL ، _c1990 |
||
| 300 | _a217 p. | ||
| 650 | 0 | 4 | _aEGYPT |
| 650 | 0 | 4 | _aHISTORY |
| 650 | 0 | 4 | _aHISTORY 640 -1250 |
| 942 |
_2ddc _cBK |
||
| 999 |
_c19369 _d19369 |
||